000 00774nam a2200265Ia 4500
005 20260121170856.0
008 008 260114s9999 xx 000 0 eng d
020 _a9789811319907
037 _aEBOOK
040 _aCRL
040 _beng
040 _cCRL
041 _2eng
041 _aeng
084 _qCRL
100 _aSung-Wook Nam, Sang-Woo Rhee, Myongsob Kim, Young-Ho Kim, Yong-Sub Han, Young-Soon Chung, Seong-Ok Yoo
_91069250
245 0 _aSouth Korea’s 70-Year Endeavor for Foreign Policy, National Defense, and Unification
260 _bSpringer
260 _bSpringer
260 _c2019
856 _uhttps://link.springer.com/openurl?genre=book&isbn=978-981-13-1990-7
942 _cEBOOK
999 _c1634980
_d1634980